000 00992cam a2200277 a 4500
001 000014050
005 20240411202003.0
008 891103s1989 sp b 000 0 spa
020 _a8474443377
035 _a(DLC) 89203464
040 _aDO-SdBNP
_bspa
_cBNPHU
_dDLC
082 _a323
_bF981d
245 0 3 _aEl Fundamento de los derechos humanos /
_cJavier Muguerza y otros ; edición preparada por Gregorio Peces-Barba Martínez.
260 _aMadrid :
_bDebate,
_cc1989.
300 _a346 p. ;
_c23 cm.
490 1 _aUniversitaria
_aderecho
504 _aIncluye referencias bibliográficas y notas al pie de las páginas.
650 0 _aDerechos humanos
_9658
650 4 _aFilosofía del derecho
_91175
650 4 _aDerechos civiles
_zEspaña
_931830
700 1 _aMuguerza, Javier.
_931831
700 1 _aPeces-Barba Martínez, Gregorio,
_d1938-
_eed.
_931832
830 0 _aUniversitaria ;
_pDerecho.
_931833
910 _aCatalogación por copia / LC
999 _a1
_n0000169
_c13652
_d13652
049 _aBNPHU